Dictionary of Foreign Word & Phrases (Record no. 3269)

MARC details
000 -LEADER
fixed length control field 00359nam a22001577a 4500
005 - DATE AND TIME OF LATEST TRANSACTION
control field 20160620125337.0
008 - FIXED-LENGTH DATA ELEMENTS--GENERAL INFORMATION
fixed length control field 160620b xxu||||| |||| 00| 0 eng d
020 ## - INTERNATIONAL STANDARD BOOK NUMBER
ISBN 0-19-280112-0
041 ## - LANGUAGE CODE
Language code of text/sound track or separate title eng
082 ## - DEWEY DECIMAL CLASSIFICATION NUMBER
Item number 8520
245 ## - TITLE STATEMENT
Title Dictionary of Foreign Word & Phrases
260 ## - PUBLICATION, DISTRIBUTION, ETC. (IMPRINT)
Name of publisher oxford
Year of publication 2000
300 ## - PHYSICAL DESCRIPTION
Number of Pages 482
650 ## - SUBJECT ADDED ENTRY--TOPICAL TERM
Topical Term Management
942 ## - ADDED ENTRY ELEMENTS (KOHA)
Koha item type Books
Holdings
Lost status Damaged status Collection code Home library Current library Shelving location Date acquired Cost, normal purchase price Full call number Accession Number Koha item type
    Reference JRU Library   SHELF-29-H 20/06/2016 395.00 8520 8520 Books
    Reference JRU Library JRU Library SHELF-103-E 20/06/2016 395.00 570.03 8521 Books